000 00299nam a2200133Ia 4500
005 20251222155040.0
008 251222s9999||||xx |||||||||||||| ||spa||
082 _aMAN.118
100 _aEl Comercio.
245 0 _aAnuario 2002 - 2003
250 _a1ra. ed.
264 _bEl Comercio
942 _cLIB
999 _c36881
_d36881